000 00649nam a2200217Ia 4500
005 20250508165228.0
008 008 250505s9999 xx 000 0 eng d
020 _a978-81-203-4353-5
037 _aTextBook
040 _aFEDL
_beng
_cFEDL
041 _aeng
_2eng
084 _a370.7, MAH/R
_qFEDL
100 _aMahapatra B C
_9780211
245 0 _aFuture prospect of teaching strategies and teacher education
260 _aNew Delhi, India
_bSarup Book Publishers Pvt. Ltd.
_c2012
300 _axvi,480p.
365 _aINR
_b1500
700 _a Anand Prakash
_9780212
942 _cTB
_h370.7, MAH/R
999 _c1393944
_d1393944